| 000 | 00921cam a2200265 a 4500 | ||
|---|---|---|---|
| 999 |
_c173 _d173 |
||
| 001 | 544945 | ||
| 003 | SCU | ||
| 005 | 20190729143255.0 | ||
| 008 | 080915s2009 nyu 000 0 eng d | ||
| 020 | _a9780312561284 | ||
| 020 | _a0312561288 | ||
| 040 |
_dSCU _cKH8 |
||
| 042 | _anbic | ||
| 082 | _aFIC ZEV | ||
| 100 | 1 |
_aZevin, Gabrielle. _eauthor |
|
| 245 | 1 | 0 |
_aMemoirs of a teenage amnesiac / _cGabrielle Zevin. |
| 260 |
_aNew York : _bSquare Fish ; _bFarrar Straus Giroux, _c2009. |
||
| 300 |
_a284 p. ; _c21 cm. |
||
| 500 | _aIncludes interview with the author, discussion guide, and excerpt from Elsewhere. | ||
| 520 | _aAfter a nasty fall, Naomi realizes that she has no memory of the last four years and finds herself reassessing every aspect of her life. | ||
| 650 | 0 |
_aAmnesia _vJuvenile fiction. |
|
| 650 | 0 |
_aFriendship _vJuvenile fiction. |
|
| 650 | 0 |
_aHigh schools _vJuvenile fiction. |
|
| 942 |
_2ddc _cFIC |
||